Finanzas globales en riesgo (Registro nro. 5023)

Detalles MARC
000 -LEADER
fixed length control field 01158 a2200253 4500
001 - CONTROL NUMBER
control field 52903
005 - DATE AND TIME OF LATEST TRANSACTION
control field 20260407155803.0
008 - FIXED-LENGTH DATA ELEMENTS--GENERAL INFORMATION
fixed length control field 260407a2005 arg spa d
003 - CONTROL NUMBER IDENTIFIER
control field AR-UNSa-BCEJYS
040 ## - CATALOGING SOURCE
Original cataloging agency AR-UNSa-BCEJYS
Language of cataloging spa
Transcribing agency AR-UNSa-BCEJYS
080 ## - UNIVERSAL DECIMAL CLASSIFICATION NUMBER
Universal Decimal Classification number 339.7
Common auxiliary subdivision Finanzas Internacionales
020 ## - INTERNATIONAL STANDARD BOOK NUMBER
International Standard Book Number 987-1220-54-5
041 ## - LANGUAGE CODE
Language code of text/sound track or separate title spa
100 1# - MAIN ENTRY--PERSONAL NAME
Personal name Eatwell, John
245 10 - TITLE STATEMENT
Title Finanzas globales en riesgo
Name of part/section of a work un análisis a favor de la regulación internacional
264 #1 - PRODUCTION, PUBLICATION, DISTRIBUTION, MANUFACTURE, AND COPYRIGHT NOTICE
Place of production, publication, distribution, manufacture Buenos Aires :
Name of producer, publisher, distributor, manufacturer Siglo XXI Editores Argentina
Date of production, publication, distribution, manufacture, or copyright notice 2005
300 ## - PHYSICAL DESCRIPTION
Extent 270 p.
Dimensions 21 cm.
505 ## - FORMATTED CONTENTS NOTE
Formatted contents note 1. La privatización del riesgo - 2. Los mercados de capital liberalizados y el funcionamiento económico global - 3. Tasas de cambio y controles de capital - 4. Los países desarrollados y el nuevo orden financiero - 5. Los países en desarrollo y el nuevo orden financiero - 6. Regulación a escala global - 7. Una autoridad financiera mundial
590 ## - LOCAL NOTE (RLIN)
Local note niveau_biblio:m niveau_hierar:0
700 1# - ADDED ENTRY--PERSONAL NAME
Personal name Taylor, Lance
700 1# - ADDED ENTRY--PERSONAL NAME
Personal name Arijón, Teresa
856 41 - ELECTRONIC LOCATION AND ACCESS
Uniform Resource Identifier <a href="https://www.biblioeco.unsa.edu.ar/pmb/images/libros/L128336.jpg">https://www.biblioeco.unsa.edu.ar/pmb/images/libros/L128336.jpg</a>
Link text Imagen de portada
Electronic format type image/jpeg
942 ## - ADDED ENTRY ELEMENTS (KOHA)
Koha item type
Existencias
Withdrawn status Lost status Damaged status Not for loan Home library Current library Shelving location Date acquired Total checkouts Full call number Barcode Date last seen Price effective from Koha item type
        Biblioteca Prof. Eusebio Cleto del Rey Biblioteca Prof. Eusebio Cleto del Rey   07/04/2026   339.7 E14 L128336 07/04/2026 07/04/2026 Libro